000 00556nam a2200217Ia 4500
005 20260115172908.0
008 008 260114s9999 xx 000 0 eng d
020 _a9781108868815
037 _aEBOOK
040 _aCRL
_beng
_cCRL
041 _aeng
_2eng
084 _qCRL
100 _aRohde
_9880001
245 4 _aThe Quantum Internet
260 _bCambridge University Press
260 _bCambridge University Press
260 _c2021
856 _uhttps://doi.org/10.1017/9781108868815
942 _cEBOOK
999 _c1478608
_d1478608